00562nam a22001817a 450000500170000001000150001702000110003203500140004303700090005708200110006610000290007724500650010626000420017127001060021330000200031994200220033999900190036120240725161604.0 aENG-140958 c695.00 aEN-124310 bDBAD a142.00 aRALPHH. HENDERSON968920 aBetter Business English/cJohn M. Manly [and] John A. Powell aNew DelhibThe Readers Paradisec2022 bNew Delhia103, 4787/23, Ansari Road, Daryaganj, New Delhie110002mthereadersparadisesales@gmail.com a155p.c25cm(hb) 2ddccENh480mnly c204454d204454